|
|
|
|
| LEADER |
00000nam0a2200000 4500 |
| 001 |
82819 |
| 005 |
20231031095857.0 |
| 035 |
|
|
|a (RuTPU)RU\TPU\book\88999
|
| 090 |
|
|
|a 82819
|
| 100 |
|
|
|a 20051006d1976 m y0rusy50 ca
|
| 101 |
0 |
|
|a rus
|
| 102 |
|
|
|a RU
|
| 105 |
|
|
|a y l 000zy
|
| 200 |
1 |
|
|a Руководство по эксплуатации комплекса технических средств для бурения снарядами со съемными керноприемниками КССК-76
|f А. М. Никоноров, В. В. Григорьев, Ю. А. Воронин, В. А. Разоренов
|
| 210 |
|
|
|a Москва
|c Недра
|d 1976
|
| 215 |
|
|
|a 63 с.
|
| 610 |
1 |
|
|a бурение
|
| 610 |
1 |
|
|a эксплуатация
|
| 610 |
1 |
|
|a снаряды
|
| 610 |
1 |
|
|a керноприемники
|
| 610 |
1 |
|
|a руководство
|
| 610 |
1 |
|
|a техническая характеристика
|
| 610 |
1 |
|
|a устройство
|
| 610 |
1 |
|
|a монтаж
|
| 610 |
1 |
|
|a техническое обслуживание
|
| 610 |
1 |
|
|a геология
|
| 675 |
|
|
|a 550.82
|v 3
|
| 701 |
|
1 |
|a Никоноров
|b А. М.
|g Алексей Модестович
|
| 701 |
|
1 |
|a Григорьев
|b В. В.
|g Виктор Васильевич
|
| 701 |
|
1 |
|a Воронин
|b Ю. А.
|g Юрий Александрович
|
| 701 |
|
1 |
|a Разоренов
|b В. А.
|g Вячеслав Алексеевич
|
| 801 |
|
1 |
|a RU
|b 63413507
|c 20051006
|g PSBO
|
| 801 |
|
2 |
|a RU
|b 63413507
|c 20160421
|g PSBO
|
| 942 |
|
|
|c BK
|